[Event "43rd Guernsey International Open"]
[Site "?"]
[Date "2017.10.18"]
[Round "4"]
[White "Kirby, Peter J"]
[Black "Ingham, H William"]
[Result "1/2-1/2"]
[WhiteElo "1996"]
[BlackElo "1817"]
[PlyCount "87"]
[EventDate "2017.10.15"]
[EventType "swiss"]
[EventRounds "7"]
[SourceDate "2017.11.01"]
[SourceVersionDate "2017.11.01"]

1. e4 d5 2. exd5 Nf6 3. Bb5+ Bd7 4. Be2 Nxd5 5. d4 Nc6 6. Nf3 Bg4 7. O-O e6 8.
h3 Bf5 9. a3 Be7 10. c4 Nb6 11. Nc3 O-O 12. Be3 Bf6 13. Bd3 Bxd3 14. Qxd3 e5
15. d5 Ne7 16. Rfd1 Ng6 17. c5 Nd7 18. Ne4 Be7 19. d6 cxd6 20. Nxd6 Bxd6 21.
Qxd6 Nf6 22. c6 Qxd6 23. Rxd6 bxc6 24. Rxc6 a5 25. Bc5 Rfc8 26. Rxc8+ Rxc8 27.
b4 Ne4 28. Rc1 axb4 29. axb4 Nxc5 30. Rxc5 Rxc5 31. bxc5 Kf8 32. Ng5 f6 33. Ne4
Ne7 34. Kf1 Ke8 35. Ke2 Kd7 36. Kd3 Kc6 37. Kc4 Nd5 38. g3 Nc7 39. g4 Ne6 40.
h4 Nf4 41. Nd6 Nh3 42. Ne4 Nf4 43. Nd6 Nh3 44. Ne4 1/2-1/2

[Event "43rd Guernsey International Open"]
[Site "?"]
[Date "2017.10.18"]
[Round "4"]
[White "Cook, Chris"]
[Black "Van den Boogaart, Jan Maarten"]
[Result "1/2-1/2"]
[WhiteElo "1771"]
[BlackElo "1991"]
[PlyCount "62"]
[EventDate "2017.10.15"]
[EventType "swiss"]
[EventRounds "7"]
[SourceDate "2017.11.01"]
[SourceVersionDate "2017.11.01"]

1. d4 d5 2. c4 c6 3. Nf3 Nf6 4. g3 g6 5. Bg2 Bg7 6. O-O O-O 7. Nbd2 b6 8. Re1
Bb7 9. Qc2 Nbd7 10. e4 dxe4 11. Nxe4 c5 12. d5 Nxe4 13. Qxe4 e6 14. Bg5 exd5
15. cxd5 Bf6 16. h4 Re8 17. Qxe8+ Qxe8 18. Rxe8+ Rxe8 19. Bxf6 Nxf6 20. d6 Bxf3
21. Bxf3 Rd8 22. Rd1 Ne8 23. d7 Nf6 24. Bc6 Kf8 25. Rd3 Ke7 26. Ra3 Kd6 27. Bb5
a5 28. Rf3 Ke7 29. Re3+ Kf8 30. Rd3 Ke7 31. Re3+ Kf8 1/2-1/2

[Event "43rd Guernsey International Open"]
[Site "?"]
[Date "2017.10.18"]
[Round "4"]
[White "Rowe, Oliver"]
[Black "Taylor, Mark V"]
[Result "0-1"]
[WhiteElo "1634"]
[BlackElo "2015"]
[PlyCount "76"]
[EventDate "2017.10.15"]
[EventType "swiss"]
[EventRounds "7"]
[SourceDate "2017.11.01"]
[SourceVersionDate "2017.11.01"]

1. d4 e6 2. Bf4 Nf6 3. e3 b6 4. Nf3 Bb7 5. Be2 d6 6. O-O Be7 7. h3 Nbd7 8. Nbd2
O-O 9. Re1 Re8 10. Bh2 Bf8 11. Nc4 Bd5 12. Ncd2 e5 13. c4 Bb7 14. d5 a5 15. e4
g6 16. Qc2 Bg7 17. Bf1 Rf8 18. a3 Nh5 19. b4 f5 20. b5 Nc5 21. Bd3 Bc8 22. Nb3
fxe4 23. Bxe4 Nxb3 24. Qxb3 Nf4 25. Bxf4 Rxf4 26. a4 Qf6 27. Ra2 Qe7 28. Qd3
Bd7 29. Rb2 Raf8 30. Rc1 Bh6 31. Rc3 Qg7 32. Nh2 Bf5 33. Bxf5 gxf5 34. Qg3 Rd4
35. Qxg7+ Kxg7 36. Re2 Kf6 37. Re1 Bd2 38. Rd1 Bxc3 0-1

[Event "43rd Guernsey International Open"]
[Site "?"]
[Date "2017.10.18"]
[Round "4"]
[White "Kozlowski, Thierry"]
[Black "Minnema, Rens"]
[Result "1-0"]
[WhiteElo "2002"]
[BlackElo "1892"]
[PlyCount "63"]
[EventDate "2017.10.15"]
[EventType "swiss"]
[EventRounds "7"]
[SourceDate "2017.11.01"]
[SourceVersionDate "2017.11.01"]

1. d4 d6 2. g3 Nf6 3. Bg2 c6 4. Nf3 Qc7 5. O-O e5 6. c4 Bg4 7. Nbd2 Nbd7 8. Qc2
Be7 9. b3 O-O 10. Bb2 Bh5 11. e4 Rfe8 12. Rae1 a5 13. a3 Bf8 14. h3 Bxf3 15.
Nxf3 g6 16. Nh4 Nh5 17. Kh2 Be7 18. Nf3 Bf6 19. Re3 Ng7 20. dxe5 dxe5 21. c5
Ne6 22. b4 axb4 23. axb4 b6 24. cxb6 Qxb6 25. Rd1 Nd4 26. Nxd4 exd4 27. Red3
Qxb4 28. Bxd4 Qb5 29. Bxf6 Nxf6 30. Rd6 Qa4 31. Qxa4 Rxa4 32. Rxf6 1-0

[Event "43rd Guernsey International Open"]
[Site "?"]
[Date "2017.10.18"]
[Round "4"]
[White "Rowe, Peter"]
[Black "Schadd, Jan"]
[Result "0-1"]
[WhiteElo "1974"]
[BlackElo "1869"]
[PlyCount "72"]
[EventDate "2017.10.15"]
[EventType "swiss"]
[EventRounds "7"]
[SourceDate "2017.11.01"]
[SourceVersionDate "2017.11.01"]

1. d4 d5 2. Nf3 Nf6 3. Bf4 Bf5 4. e3 e6 5. c3 Bd6 6. Ne5 O-O 7. Nd2 Nfd7 8. g4
Bxe5 9. dxe5 Bg6 10. h4 f6 11. exf6 Qxf6 12. h5 e5 13. g5 Qb6 14. hxg6 exf4 15.
Rxh7 Qxg6 16. Rh3 fxe3 17. fxe3 Qxg5 18. Qe2 Nc6 19. O-O-O Nce5 20. Nb3 c6 21.
Rh5 Qg3 22. Bh3 Rae8 23. Bxd7 Nxd7 24. Rdh1 Rxe3 25. Rh8+ Kf7 26. Rxf8+ Kxf8
27. Qh5 Re1+ 28. Rxe1 Qxe1+ 29. Kc2 Kg8 30. Nd4 Qf2+ 31. Kc1 Qf7 32. Qh2 c5 33.
Ne2 Qe6 34. Qg2 Qe4 35. Qh2 Ne5 36. Nf4 Qxf4+ 0-1

[Event "43rd Guernsey International Open"]
[Site "?"]
[Date "2017.10.18"]
[Round "4"]
[White "Frijling, Jeroen"]
[Black "Marley, Andrew SG"]
[Result "0-1"]
[WhiteElo "1727"]
[BlackElo "1949"]
[PlyCount "48"]
[EventDate "2017.10.15"]
[EventType "swiss"]
[EventRounds "7"]
[SourceDate "2017.11.01"]
[SourceVersionDate "2017.11.01"]

1. d4 g6 2. c4 Nf6 3. Nc3 Bg7 4. e4 d6 5. f3 O-O 6. Be3 Nc6 7. Nge2 a6 8. Nc1
e5 9. d5 Nd4 10. N1e2 c5 11. dxc6 bxc6 12. Nxd4 exd4 13. Bxd4 Rb8 14. Qd2 Re8
15. O-O-O Qa5 16. Kb1 c5 17. Bxf6 Bxf6 18. Ka1 Be6 19. Rc1 Rb4 20. Rc2 Reb8 21.
Nd1 Bd7 22. Qxd6 Ba4 23. Qxf6 Bxc2 24. Ne3 Qxa2+ 0-1

[Event "43rd Guernsey International Open"]
[Site "?"]
[Date "2017.10.18"]
[Round "4"]
[White "Prill, Gerhard"]
[Black "Brookfield, Toby"]
[Result "1-0"]
[WhiteElo "1948"]
[BlackElo "1859"]
[PlyCount "21"]
[EventDate "2017.10.15"]
[EventType "swiss"]
[EventRounds "7"]
[SourceDate "2017.11.01"]
[SourceVersionDate "2017.11.01"]

1. e4 c5 2. Nf3 d6 3. c4 Bg4 4. Be2 Bxf3 5. Bxf3 Nc6 6. O-O g6 7. Nc3 Bg7 8.
Re1 Nh6 9. d3 Nd4 10. Bg5 O-O 11. Qd2 1-0

[Event "43rd Guernsey International Open"]
[Site "?"]
[Date "2017.10.18"]
[Round "4"]
[White "Agustsson, Hafsteinn"]
[Black "Boldt, Heinrich"]
[Result "0-1"]
[WhiteElo "1925"]
[BlackElo "1835"]
[PlyCount "36"]
[EventDate "2017.10.15"]
[EventType "swiss"]
[EventRounds "7"]
[SourceDate "2017.11.01"]
[SourceVersionDate "2017.11.01"]

1. e4 d6 2. d4 Nf6 3. Nc3 Nbd7 4. f4 e5 5. Nf3 exd4 6. Nxd4 Nc5 7. Bd3 Be7 8.
Bd2 c6 9. b4 Nxd3+ 10. cxd3 c5 11. Nf3 O-O 12. bxc5 dxc5 13. Qc2 b6 14. O-O Ba6
15. Ne5 Qd4+ 16. Kh1 Rac8 17. Rf3 Rfd8 18. Ne2 Qxa1+ 0-1

[Event "43rd Guernsey International Open"]
[Site "?"]
[Date "2017.10.18"]
[Round "4"]
[White "Hawkins, James NH"]
[Black "Gravett, Alan D"]
[Result "1/2-1/2"]
[WhiteElo "1920"]
[BlackElo "1810"]
[PlyCount "41"]
[EventDate "2017.10.15"]
[EventType "swiss"]
[EventRounds "7"]
[SourceDate "2017.11.01"]
[SourceVersionDate "2017.11.01"]

1. e4 g6 2. d4 Bg7 3. Nc3 d6 4. Be3 Nf6 5. f3 O-O 6. Qd2 e5 7. d5 a5 8. O-O-O
Na6 9. Bh6 Nc5 10. h4 Nh5 11. g4 Ng3 12. Rh3 Nxf1 13. Rxf1 f5 14. gxf5 gxf5 15.
Rg3 Rf7 16. Qg2 Qe7 17. Nge2 Kh8 18. Bxg7+ Rxg7 19. Rg1 Rxg3 20. Qxg3 Bd7 21.
h5 1/2-1/2

[Event "43rd Guernsey International Open"]
[Site "?"]
[Date "2017.10.18"]
[Round "4"]
[White "Hoogland, Rob"]
[Black "Bakkes, Frits"]
[Result "1-0"]
[WhiteElo "1915"]
[BlackElo "1636"]
[PlyCount "81"]
[EventDate "2017.10.15"]
[EventType "swiss"]
[EventRounds "7"]
[SourceDate "2017.11.01"]
[SourceVersionDate "2017.11.01"]

1. d4 d5 2. c4 e6 3. Nc3 Nf6 4. cxd5 exd5 5. Bg5 c6 6. Qc2 Nbd7 7. e3 Bb4 8.
Bd3 Qa5 9. Nge2 O-O 10. O-O Ne4 11. Bxe4 dxe4 12. Nxe4 Re8 13. a3 Qd5 14. f3
Bf8 15. N2c3 Qe6 16. Rae1 Qg6 17. Bh4 Nb6 18. Qc1 Nd5 19. Bf2 h5 20. Kh1 f5 21.
Nc5 b6 22. Nd3 Bd6 23. Nxd5 cxd5 24. Qc6 Ba6 25. Qxd5+ Kh7 26. Qb3 Rac8 27. Rc1
Qf6 28. Rfe1 g5 29. Rxc8 Bxc8 30. e4 fxe4 31. fxe4 Qf8 32. Qd5 Ba6 33. Qb3 Bxd3
34. Qxd3 Qxf2 35. Rf1 Qxb2 36. e5+ Kg7 37. exd6 Re2 38. Qf5 Qxd4 39. Qxg5+ Kh7
40. Qxh5+ Kg8 41. Qxe2 1-0

[Event "43rd Guernsey International Open"]
[Site "?"]
[Date "2017.10.18"]
[Round "4"]
[White "Canonne, Antoine"]
[Black "Murray, J Stephen"]
[Result "1-0"]
[WhiteElo "1893"]
[BlackElo "1763"]
[PlyCount "95"]
[EventDate "2017.10.15"]
[EventType "swiss"]
[EventRounds "7"]
[SourceDate "2017.11.01"]
[SourceVersionDate "2017.11.01"]

1. e4 c5 2. Nc3 d6 3. f4 Nc6 4. Nf3 g6 5. Bb5 Bd7 6. O-O Bg7 7. Bxc6 Bxc6 8. d3
Qd7 9. Qe1 O-O-O 10. a4 Nh6 11. Nb5 Bxb5 12. axb5 b6 13. c4 f5 14. Ra2 Nf7 15.
Bd2 e5 16. Bc3 Rhe8 17. Qd2 Qe7 18. Qc2 Rd7 19. Ra6 Bh6 20. fxe5 Nxe5 21. Nxe5
dxe5 22. Qe2 f4 23. Qg4 Kb8 24. Bxe5+ Ka8 25. Bxf4 Bxf4 26. Qxf4 Rxd3 27. Rfa1
Rd7 28. Rxb6 Rd1+ 29. Rxd1 axb6 30. Ra1+ Kb7 31. Re1 Rf8 32. Qe3 Qe5 33. b3 Rf4
34. g3 Rf7 35. Qd3 Kc7 36. Rf1 Rd7 37. Qe3 Re7 38. Re1 Rf7 39. Kg2 Qb2+ 40. Re2
Qe5 41. Rf2 Rxf2+ 42. Kxf2 g5 43. Kf3 h5 44. h3 Qf6+ 45. Kg2 Qb2+ 46. Qf2 Qe5
47. Qf7+ Kc8 48. Qf5+ 1-0

[Event "43rd Guernsey International Open"]
[Site "?"]
[Date "2017.10.18"]
[Round "4"]
[White "Hickman, John E"]
[Black "Strade, Arita"]
[Result "1/2-1/2"]
[WhiteElo "1910"]
[BlackElo "1917"]
[PlyCount "140"]
[EventDate "2017.10.15"]
[EventType "swiss"]
[EventRounds "7"]
[SourceDate "2017.11.01"]
[SourceVersionDate "2017.11.01"]

1. e4 c5 2. Nf3 d6 3. d4 cxd4 4. Nxd4 Nf6 5. Nc3 a6 6. Be3 Nc6 7. f3 g6 8. Qd2
Bg7 9. Bc4 Qc7 10. Bb3 Ne5 11. O-O-O b5 12. Bh6 O-O 13. h4 Nc4 14. Bxc4 bxc4
15. h5 Bxh6 16. Qxh6 e5 17. Nf5 Bxf5 18. exf5 Rab8 19. hxg6 fxg6 20. fxg6 Qb7
21. gxh7+ Nxh7 22. Rxd6 Rf7 23. b3 cxb3 24. axb3 Rc8 25. Nd5 Rcf8 26. Rh4 a5
27. Rg6+ Kh8 28. Nf6 Rc8 29. Qxh7+ Rxh7 30. Rxh7+ Qxh7 31. Nxh7 Kxh7 32. Ra6
Rc5 33. c4 Kg7 34. Kd2 Kf7 35. Kd3 Ke7 36. Rb6 Rc8 37. Rb5 e4+ 38. Kxe4 a4 39.
c5 axb3 40. Kd5 Rd8+ 41. Kc6 Rc8+ 42. Kb7 Kd7 43. Rxb3 Rxc5 44. Re3 Rb5+ 45.
Ka6 Rb2 46. g4 Kc6 47. Ka5 Rb8 48. Ka4 Kc5 49. Ka3 Kc4 50. Ka2 Rb7 51. Ra3 Rb5
52. f4 Rd5 53. Rg3 Rd2+ 54. Kb1 Rf2 55. f5 Kd4 56. Rb3 Ke5 57. Rb4 Kf6 58. Kc1
Kg5 59. Kd1 Ra2 60. Ke1 Rc2 61. Kf1 Ra2 62. Re4 Rb2 63. Re2 Rb1+ 64. Kg2 Kxg4
65. f6 Rb8 66. f7 Rf8 67. Rf2 Kg5 68. Kg3 Kg6 69. Kg4 Rxf7 70. Rxf7 Kxf7
1/2-1/2

[Event "43rd Guernsey International Open"]
[Site "?"]
[Date "2017.10.18"]
[Round "4"]
[White "Cummins, John"]
[Black "Burton, Ronnie"]
[Result "0-1"]
[WhiteElo "1790"]
[BlackElo "1911"]
[PlyCount "112"]
[EventDate "2017.10.15"]
[EventType "swiss"]
[EventRounds "7"]
[SourceDate "2017.11.01"]
[SourceVersionDate "2017.11.01"]

1. e4 d5 2. exd5 Nf6 3. d4 Bg4 4. f3 Bf5 5. Bb5+ Nbd7 6. c4 a6 7. Bxd7+ Qxd7 8.
Ne2 e6 9. dxe6 Bxe6 10. b3 Rd8 11. Ba3 Bxa3 12. Nxa3 O-O 13. O-O Rfe8 14. Re1
Bf5 15. Nc2 Bg6 16. Rc1 Qf5 17. Ng3 Qa5 18. Rxe8+ Rxe8 19. a3 Bxc2 20. Qxc2
Qxa3 21. Ne4 Nxe4 22. fxe4 Rxe4 23. d5 Qe7 24. h3 Re2 25. Qd3 h6 26. Rd1 Qc5+
27. Kh1 Qf2 28. Rg1 Re3 29. Qd1 Qg3 30. Rf1 Rxb3 31. Rf3 Rxf3 32. gxf3 Qxh3+
33. Kg1 Qg3+ 34. Kf1 Qf4 35. Qb3 b6 36. Kf2 g5 37. Kg2 Qd6 38. Qe3 Kf8 39. Qd4
a5 40. Qh8+ Ke7 41. Qd4 Qf4 42. Qd3 h5 43. Qa3+ Kf6 44. Qc3+ Qe5 45. Qd3 h4 46.
Kf2 Qg3+ 47. Ke2 g4 48. Kd2 Qf2+ 49. Kc1 Qxf3 50. Qd4+ Kg6 51. d6 cxd6 52.
Qxd6+ Qf6 53. Qd3+ Kg7 54. Qe4 Qg6 55. Qd4+ Kh7 56. Qf4 Qh6 0-1

[Event "43rd Guernsey International Open"]
[Site "?"]
[Date "2017.10.18"]
[Round "4"]
[White "Plug, Arjan"]
[Black "Magnussen, Pal"]
[Result "0-1"]
[WhiteElo "1814"]
[BlackElo "1867"]
[PlyCount "34"]
[EventDate "2017.10.15"]
[EventType "swiss"]
[EventRounds "7"]
[SourceDate "2017.11.01"]
[SourceVersionDate "2017.11.01"]

1. e4 e5 2. d4 exd4 3. Qxd4 Nc6 4. Qe3 Nf6 5. Nc3 Be7 6. Bd2 d5 7. exd5 Nxd5 8.
Qf3 Nf6 9. Bb5 O-O 10. Bxc6 bxc6 11. Qxc6 Rb8 12. Nf3 Rxb2 13. Qa4 Bg4 14. Qxa7
Rxc2 15. Nd4 Rxd2 16. Kxd2 c5 17. f3 Qxd4+ 0-1

[Event "43rd Guernsey International Open"]
[Site "?"]
[Date "2017.10.18"]
[Round "4"]
[White "Spanton, Timothy R"]
[Black "Van Hoek, Wim"]
[Result "0-1"]
[WhiteElo "1858"]
[BlackElo "1907"]
[PlyCount "48"]
[EventDate "2017.10.15"]
[EventType "swiss"]
[EventRounds "7"]
[SourceDate "2017.11.01"]
[SourceVersionDate "2017.11.01"]

1. Nc3 d5 2. d4 f5 3. e4 dxe4 4. f3 Nf6 5. fxe4 fxe4 6. Bg5 Bf5 7. Bc4 a6 8.
Nge2 Nc6 9. O-O Bg6 10. a3 Qd7 11. b4 b5 12. Bb3 Rd8 13. d5 Qg4 14. Nf4 Qxg5
15. Ne6 Qe3+ 16. Kh1 Qxc3 17. Nxc7+ Kd7 18. Ne6 Kc8 19. Rxf6 gxf6 20. Qg1 e3
21. dxc6 Rd2 22. Nc5 e5 23. Nxa6 Qxc6 24. Qxe3 Qxg2# 0-1

[Event "43rd Guernsey International Open"]
[Site "?"]
[Date "2017.10.18"]
[Round "4"]
[White "Van der Giessen, Ada Leona"]
[Black "Von Saldern, Ruediger"]
[Result "1-0"]
[WhiteElo "1821"]
[BlackElo "1894"]
[PlyCount "37"]
[EventDate "2017.10.15"]
[EventType "swiss"]
[EventRounds "7"]
[SourceDate "2017.11.01"]
[SourceVersionDate "2017.11.01"]

1. e4 e5 2. f4 exf4 3. Nf3 g5 4. Bc4 Bg7 5. d4 d6 6. O-O Bg4 7. c3 Bxf3 8. Qxf3
Ne7 9. h4 Ng6 10. hxg5 Qxg5 11. Bxf4 Nxf4 12. Qxf4 Qxf4 13. Rxf4 O-O 14. Na3 c6
15. Raf1 Nd7 16. Rxf7 Rxf7 17. Rxf7 Nb6 18. Rxb7+ Nxc4 19. Nxc4 1-0

[Event "43rd Guernsey International Open"]
[Site "?"]
[Date "2017.10.19"]
[Round "5"]
[White "Jackson, Oliver A"]
[Black "Johnsen, Gunnar"]
[Result "1/2-1/2"]
[WhiteElo "2168"]
[BlackElo "2178"]
[PlyCount "65"]
[EventDate "2017.10.15"]
[EventType "swiss"]
[EventRounds "7"]
[SourceDate "2017.11.01"]
[SourceVersionDate "2017.11.01"]

1. e4 e6 2. d4 d5 3. Nc3 Bb4 4. e5 Ne7 5. a3 Bxc3+ 6. bxc3 c5 7. Nf3 Bd7 8. a4
Qa5 9. Bd2 Nbc6 10. Bb5 a6 11. Bxc6 Bxc6 12. O-O h6 13. Re1 c4 14. Bc1 Bxa4 15.
Ba3 b5 16. Qd2 Nc6 17. Re3 O-O-O 18. Qc1 Rd7 19. Nd2 Qd8 20. Bc5 Rb7 21. Qb2
Qd7 22. Bd6 f5 23. Nb3 Bxb3 24. cxb3 a5 25. Qa3 cxb3 26. Qxb3 a4 27. Qa3 Na5
28. Ree1 Qc6 29. Qb4 Nc4 30. Bc5 Kd7 31. h4 Ra8 32. Ra2 Ke8 33. Qb1 1/2-1/2

[Event "43rd Guernsey International Open"]
[Site "?"]
[Date "2017.10.19"]
[Round "5"]
[White "Mack, Wolfgang"]
[Black "Whatley, Stephen AJ"]
[Result "1/2-1/2"]
[WhiteElo "2149"]
[BlackElo "2159"]
[PlyCount "166"]
[EventDate "2017.10.15"]
[EventType "swiss"]
[EventRounds "7"]
[SourceDate "2017.11.01"]
[SourceVersionDate "2017.11.01"]

1. c4 f5 2. Nc3 Nf6 3. g3 d6 4. Bg2 g6 5. e4 c6 6. h4 Bg7 7. d3 O-O 8. Nh3 e5
9. Bg5 Na6 10. Qd2 Nc5 11. O-O-O fxe4 12. dxe4 Be6 13. Qxd6 Qxd6 14. Rxd6 Bxc4
15. Rhd1 Be6 16. Ng1 Bc8 17. Be3 Ncd7 18. Bh3 Nb6 19. b3 Bxh3 20. Nxh3 Ng4 21.
Bc5 Bh6+ 22. Kb2 Rf7 23. R6d3 Bf8 24. Bxb6 axb6 25. f3 Ba3+ 26. Kb1 Nf6 27. Ng5
Re7 28. Na4 Ra6 29. Rd8+ Kg7 30. R1d3 b5 31. Nc3 Bb4 32. Ne2 b6 33. Rc8 h6 34.
Nh3 Rea7 35. Nc1 Ba3 36. Ne2 Bb4 37. Nc1 c5 38. Ng1 Ba3 39. Nce2 Bb4 40. Nc1
Ba3 41. Nge2 Nd7 42. Rd5 Ra5 43. Nd3 c4 44. bxc4 Bc5 45. cxb5 Rxb5+ 46. Nb2
Rba5 47. Nc1 Ra3 48. Rd3 Nf8 49. Nc4 R3a4 50. Nxe5 Bf2 51. f4 Rxe4 52. Rc2 Bc5
53. Re2 Rea4 54. Nb3 Ba3 55. Rd4 b5 56. Rd5 Rb7 57. Nc6 Ra8 58. Ncd4 b4 59. Kc2
Rc8+ 60. Rc5 Rxc5+ 61. Nxc5 Rc7 62. Ndb3 Kf7 63. Kd3 Nd7 64. Kd4 Nf6 65. Kc4
Nd7 66. Kb5 Nf6 67. Kc4 Nd7 68. Kd4 Nf6 69. Ke3 Nd5+ 70. Kf3 Nc3 71. Rd2 Ra7
72. Rc2 Re7 73. Nd3 Nd1 74. Ne5+ Kg7 75. Rd2 Nc3 76. Nd4 Rb7 77. g4 Bc1 78. Rc2
Nxa2 79. g5 b3 80. Ne6+ Kh7 81. Nf8+ Kg7 82. Ne6+ Kh7 83. Nf8+ Kg7 1/2-1/2

[Event "43rd Guernsey International Open"]
[Site "?"]
[Date "2017.10.19"]
[Round "5"]
[White "Bowmer, Kevin"]
[Black "Prins, Jan"]
[Result "1-0"]
[WhiteElo "2041"]
[BlackElo "2025"]
[PlyCount "150"]
[EventDate "2017.10.15"]
[EventType "swiss"]
[EventRounds "7"]
[SourceDate "2017.11.01"]
[SourceVersionDate "2017.11.01"]

1. e4 c6 2. d4 d5 3. Nd2 dxe4 4. Nxe4 Bf5 5. Ng3 Bg6 6. h4 h6 7. Nf3 Nd7 8. h5
Bh7 9. Bd3 Bxd3 10. Qxd3 e6 11. Bd2 Ngf6 12. O-O-O Bd6 13. Ne4 Nxe4 14. Qxe4
Nf6 15. Qe2 b5 16. Ne5 Bxe5 17. dxe5 Nd5 18. Qg4 Qc7 19. Qxg7 O-O-O 20. Qg3
Rdg8 21. Qf3 Kb8 22. Qe4 c5 23. a4 a6 24. Rh3 b4 25. b3 Rc8 26. Rh4 a5 27. Re1
Qc6 28. Rg4 Qd7 29. Qd3 Rc7 30. Kb2 Qc6 31. Qe4 Qd7 32. Qd3 Kb7 33. g3 Qc6 34.
Re2 Rd7 35. Qe4 Ne7 36. Qxc6+ Kxc6 37. Rf4 Nd5 38. Rf3 Nb6 39. Be3 c4 40. c3
bxc3+ 41. Kxc3 Rd3+ 42. Kc2 Rxb3 43. Rxf7 Nd5 44. Bc1 Rhb8 45. Rd2 Rc3+ 46. Kd1
Rb1 47. Rc2 Rd3+ 48. Ke2 Nc3+ 49. Rxc3 Rxc3 50. Bxh6 Rc2+ 51. Kf3 Rh1 52. g4
Re1 53. g5 Rxe5 54. g6 Rc3+ 55. Kg2 Rxh5 56. g7 Rxh6 57. g8=Q Rch3 58. Qc8+ Kd5
59. Rd7+ Ke5 60. Qc5+ Kf6 61. Qd4+ e5 62. Rd6+ Kf5 63. Qc5 Rh2+ 64. Kf3 R2h3+
65. Ke2 Rxd6 66. Qxd6 Rd3 67. Qc5 Rd4 68. Qxa5 Re4+ 69. Kd2 Kf4 70. Qc3 Rd4+
71. Ke2 Ke4 72. a5 Kd5 73. a6 Rf4 74. Qe3 Rf8 75. a7 Kc6 1-0

[Event "43rd Guernsey International Open"]
[Site "?"]
[Date "2017.10.19"]
[Round "5"]
[White "Havenaar, Jan"]
[Black "Maloberti, David"]
[Result "1/2-1/2"]
[WhiteElo "2030"]
[BlackElo "2132"]
[PlyCount "118"]
[EventDate "2017.10.15"]
[EventType "swiss"]
[EventRounds "7"]
[SourceDate "2017.11.01"]
[SourceVersionDate "2017.11.01"]

1. e4 e6 2. d4 d5 3. Nc3 Bb4 4. Nge2 Nf6 5. Bg5 Be7 6. Qd3 Nxe4 7. Bxe7 Qxe7 8.
Nxe4 dxe4 9. Qc3 O-O 10. Ng3 f5 11. O-O-O Nc6 12. Bc4 Nb4 13. Rhe1 Nd5 14. Bxd5
exd5 15. Qb3 c6 16. f3 Be6 17. f4 Qc7 18. Ne2 b5 19. Kb1 a5 20. Qe3 b4 21. Rc1
Rfb8 22. Red1 Bc8 23. Ng3 a4 24. Qf2 b3 25. cxb3 axb3 26. a3 Ba6 27. Nxf5 Bd3+
28. Rxd3 exd3 29. Qe3 Re8 30. Qxd3 Qxf4 31. g3 Qf2 32. Nh4 Re3 33. Qf5 Rf8 34.
Qd7 Re2 35. Ka1 Rxb2 36. Qe6+ Kh8 37. Ng6+ hxg6 38. Qh3+ Kg8 39. Qe6+ Qf7 40.
Qxf7+ Rxf7 41. Kxb2 Rf2+ 42. Kxb3 Rxh2 43. Rxc6 Rd2 44. Kc3 Ra2 45. Kb4 Rd2 46.
Kc5 Rd3 47. Rxg6 Rxa3 48. Kxd5 Kf7 49. Rg4 g5 50. Kd6 Kf6 51. d5 Kf5 52. Rd4
Rxg3 53. Ke7 Ra3 54. d6 g4 55. d7 Ra8 56. Rc4 g3 57. Rc8 Ra7 58. Kd6 Rxd7+ 59.
Kxd7 Kf4 1/2-1/2

[Event "43rd Guernsey International Open"]
[Site "?"]
[Date "2017.10.19"]
[Round "5"]
[White "Hoogland, Dirk"]
[Black "Heppell, Ian N"]
[Result "1-0"]
[WhiteElo "2098"]
[BlackElo "2034"]
[PlyCount "77"]
[EventDate "2017.10.15"]
[EventType "swiss"]
[EventRounds "7"]
[SourceDate "2017.11.01"]
[SourceVersionDate "2017.11.01"]

1. c4 e5 2. g3 Nc6 3. Nc3 f5 4. Nf3 Nf6 5. d4 d6 6. Bg5 e4 7. Nh4 Be7 8. Ng2
O-O 9. e3 Qe8 10. Nf4 Bd7 11. Be2 Nd8 12. Qb3 c6 13. h4 Rb8 14. a4 Ne6 15. Qd1
Nxf4 16. Bxf4 Rd8 17. d5 c5 18. Kf1 Bc8 19. Kg2 Qf7 20. Rb1 Ne8 21. Bh5 g6 22.
Be2 Qg7 23. g4 fxg4 24. Bg3 Nf6 25. Qc2 Nh5 26. Nxe4 Bf5 27. Bd3 Nxg3 28. Nxg3
Bxd3 29. Qxd3 Qf7 30. Qe2 h5 31. b4 cxb4 32. Rxb4 b6 33. a5 bxa5 34. Rb7 Rb8
35. Rxa7 Qf3+ 36. Qxf3 gxf3+ 37. Kh3 Bd8 38. Ne4 Rb2 39. Rg1 1-0

[Event "43rd Guernsey International Open"]
[Site "?"]
[Date "2017.10.19"]
[Round "5"]
[White "Curtis, John E"]
[Black "Van Dijk, Bram"]
[Result "1/2-1/2"]
[WhiteElo "2093"]
[BlackElo "1999"]
[PlyCount "64"]
[EventDate "2017.10.15"]
[EventType "swiss"]
[EventRounds "7"]
[SourceDate "2017.11.01"]
[SourceVersionDate "2017.11.01"]

1. d4 d5 2. Nf3 c6 3. c4 dxc4 4. a4 Nf6 5. e3 Bg4 6. Bxc4 e6 7. O-O Nbd7 8. Nc3
Nb6 9. Be2 Nbd5 10. Ne5 Bxe2 11. Qxe2 Nd7 12. Nxd7 Qxd7 13. e4 Nxc3 14. bxc3
Be7 15. Qg4 g6 16. Bh6 Rg8 17. Be3 f5 18. exf5 exf5 19. Qe2 Kf7 20. a5 Rge8 21.
Rfb1 Bf6 22. Qb2 Rab8 23. d5 c5 24. Qb5 Qc7 25. Ra4 f4 26. Bd2 Kg7 27. Qd3 Qd7
28. Re4 Rxe4 29. Qxe4 Re8 30. Qd3 Re7 31. c4 Be5 32. Bc3 Qd6 1/2-1/2

[Event "43rd Guernsey International Open"]
[Site "?"]
[Date "2017.10.19"]
[Round "5"]
[White "Dilleigh, Stephen P"]
[Black "Thurlow, Kevin J"]
[Result "1-0"]
[WhiteElo "2063"]
[BlackElo "2009"]
[PlyCount "41"]
[EventDate "2017.10.15"]
[EventType "swiss"]
[EventRounds "7"]
[SourceDate "2017.11.01"]
[SourceVersionDate "2017.11.01"]

1. Nf3 c5 2. c4 Nf6 3. Nc3 Nc6 4. g3 g6 5. d4 cxd4 6. Nxd4 Bg7 7. Bg2 O-O 8.
O-O a6 9. c5 Qa5 10. Nb3 Qc7 11. Bf4 e5 12. Bg5 Re8 13. e4 Nd4 14. Bxf6 Bxf6
15. Nd5 Qd8 16. Nxd4 exd4 17. f4 d6 18. cxd6 Qxd6 19. e5 Bxe5 20. fxe5 Rxe5 21.
Qxd4 1-0

[Event "43rd Guernsey International Open"]
[Site "?"]
[Date "2017.10.19"]
[Round "5"]
[White "Fassaert, Desire JM"]
[Black "Hamperl, Fred"]
[Result "1/2-1/2"]
[WhiteElo "1923"]
[BlackElo "2062"]
[PlyCount "62"]
[EventDate "2017.10.15"]
[EventType "swiss"]
[EventRounds "7"]
[SourceDate "2017.11.01"]
[SourceVersionDate "2017.11.01"]

1. c4 e5 2. Nc3 Nc6 3. g3 f5 4. Bg2 Nf6 5. e3 Be7 6. Nge2 O-O 7. O-O Qe8 8. d4
d6 9. b3 Bd7 10. Bb2 a6 11. Qd2 Qh5 12. Nd5 Bd8 13. Rad1 e4 14. Nef4 Qh6 15.
Nxf6+ Qxf6 16. f3 exf3 17. Bxf3 Qh6 18. Rde1 Rb8 19. Qc3 Re8 20. Nd5 Ne7 21.
Bg2 Nxd5 22. Bxd5+ Kh8 23. Bg2 b5 24. c5 b4 25. Qd2 Bg5 26. Bc1 dxc5 27. dxc5
Rbd8 28. Qxb4 Bxe3+ 29. Bxe3 Rxe3 30. Qf4 Qxf4 31. gxf4 Ree8 1/2-1/2

[Event "43rd Guernsey International Open"]
[Site "?"]
[Date "2017.10.19"]
[Round "5"]
[White "Purdon, Colin"]
[Black "Campbell, Ian"]
[Result "1/2-1/2"]
[WhiteElo "2047"]
[BlackElo "1990"]
[PlyCount "65"]
[EventDate "2017.10.15"]
[EventType "swiss"]
[EventRounds "7"]
[SourceDate "2017.11.01"]
[SourceVersionDate "2017.11.01"]

1. d4 g6 2. c4 Bg7 3. Nf3 d6 4. Nc3 c5 5. d5 Nf6 6. e4 Bg4 7. Be2 O-O 8. Be3 a6
9. O-O Nbd7 10. h3 Bxf3 11. Bxf3 Qc7 12. Be2 e5 13. dxe6 fxe6 14. Qd2 Ne5 15.
Rad1 Rad8 16. f4 Nc6 17. a3 Qe7 18. Bf3 Kh8 19. Qf2 Nd7 20. Rd2 Nd4 21. Rfd1
Nb6 22. Bxd4 cxd4 23. Rxd4 Rxf4 24. c5 Nc8 25. R4d3 Rff8 26. cxd6 Rxd6 27. Rxd6
Nxd6 28. Qc5 Rd8 29. e5 Nf5 30. Qxe7 Rxd1+ 31. Nxd1 Nxe7 32. Bxb7 a5 33. Ne3
1/2-1/2